000 00712nam a2200205Ii 4500
003 JO-AjNU
008 230605s9999||||xx |||||||||||||| ||und||
017 _a2003/20793
040 _aJO-AjNU
_bara
_erda
_cJO-AjNU
041 _aara
050 1 4 _aHD85.A7.A42.2003
100 3 _aعلام،سعد طه,
_eauthor
_934188
245 0 0 _aالتخطيط مع حرية السوق
264 3 1 _aالقاهرة:دار طيبة للنشر والتوزيع والتجهيزات العلمية،2003
300 _a231ص
336 _atext
_btxt
_2rdacontent
337 _aunmediated
_bn
_2rdamedia
338 _avolume
_bnc
_2rdacarrier
650 4 _aسياسة اقتصادية- تنمية اقتصادية-مصر
_934189
999 _aA13989
_c17557
_d17557